Great Lakes 1,000 Foot Freighters - Statistics

General Stats
  • This quiz has been taken 7 times
  • The average score is 9 of 13
Answer Stats
Length in feet Company Vessel Name % Correct
1,013.5 ft Interlake Steamship Co. Paul R. Tregurtha
100%
1,004 ft American Steamship Co. American Century
80%
1,004 ft American Steamship Co. American Spirit
80%
1,004 ft Great Lakes Fleet Edwin H. Gott
80%
1,004 ft Interlake Steamship Co. James R. Barker
80%
1,004 ft Interlake Steamship Co. Mesabi Miner
80%
1,000 ft* Great Lakes Fleet Presque Isle
80%
1,000 ft American Steamship Co. Walter J. McCarthy Jr.
80%
1,000 ft American Steamship Co. American Integrity
60%
1,000 ft American Steamship Co. Burns Harbor
60%
1,004 ft Great Lakes Fleet Edgar B. Speer
60%
1,000 ft American Steamship Co. Indiana Harbor
60%
1,000 ft Interlake Steamship Co. Stewart J. Cort
40%
No matching quizzes found
Score Distribution
Percent of People with Each Score
Percentile by Number Answered
Your Score History
You have not taken this quiz